माय इंडिया / (Record no. 54272)

MARC details
000 -LEADER
fixed length control field 01176nam a22002417a 4500
005 - DATE AND TIME OF LATEST TRANSACTION
control field 20110722153014.0
008 - FIXED-LENGTH DATA ELEMENTS--GENERAL INFORMATION
fixed length control field 110722t xxu||||| |||| 00| 0 mar d
010 ## - LCCN (DPL NO)
LC control number MAR-21122
020 ## - INTERNATIONAL STANDARD BOOK NUMBER
Terms of availability 175.00
035 ## - SYSTEM CONTROL NUMBER
System control number MR-13780
037 ## - SOURCE OF ACQUISITION
Source of stock number/acquisition DBAD/PUB
040 ## - CATALOGING SOURCE
Original cataloging agency DPL
Language of cataloging MR
082 ## - DEWEY DECIMAL CLASSIFICATION NUMBER
Classification number 915.4
100 ## - MAIN ENTRY--PERSONAL NAME
Personal name कॉर्बेट,जिम
9 (RLIN) 29957
245 ## - TITLE STATEMENT
Title माय इंडिया /
Statement of responsibility, etc जिम कॉर्बेट : विश्वास बावे द्वारा अनुवादित
246 ## - VARYING FORM OF TITLE
Title proper/short title My India
Remainder of title by Jim Corbet
260 ## - PUBLICATION, DISTRIBUTION, ETC. (IMPRINT)
Place of publication, distribution, etc डोंबिवली((पश्चिम)
Name of publisher, distributor, etc आरती प्रकाशन
Date of publication, distribution, etc 2011
270 ## - ADDRESS
Address बी/12,आसावरी,गुप्ते पथ,विष्णूनगर
City डोंबिवली(पश्चिम)
300 ## - PHYSICAL DESCRIPTION
Extent आठ,167पृ
Dimensions 22सेमी(अजिल्द)
700 ## - ADDED ENTRY--PERSONAL NAME
Personal name भावे,विश्वास
9 (RLIN) 29999
942 ## - ADDED ENTRY ELEMENTS (KOHA)
Source of classification or shelving scheme Dewey Decimal Classification
Item type Marathi Books
Classification part 915.4
Call number suffix कॉर्बेट
Holdings
Withdrawn status Lost status Source of classification or shelving scheme Damaged status Not for loan Collection code Home library Current library Date acquired Source of acquisition Cost, normal purchase price Total Checkouts Full call number Barcode Date last seen Copy number Cost, replacement price Koha item type
    Dewey Decimal Classification   Not For Loan Non-fiction D.B.Act.Division D.B.Act.Division 22/07/2011 DBAD / PUB 175.00   915.4 कॉर्बेट MR-13780 22/07/2011 1 175.00 Marathi Books

© Delhi Public Library
Hit Counter
free hit counter